Red Star Belgrade All-Time Starting XI - Statistics

General Stats
  • This quiz has been taken 48 times
  • The average score is 7 of 13
Answer Stats
Position Player % Correct
FW (1988-92) Darko Pančev
68%
MF (1988-92/99) Dejan Savićević
68%
FW (1963-75/77-78) Dragan Džajić
66%
MF (1986-90) Dragan Stojković
66%
DF (1990-92) Siniša Mihajlović
63%
DF (2000-04) Nemanja Vidić
61%
12th player (1945-58) Rajko Mitić
58%
FW (1955-66) Dragoslav Šekularac
42%
DF (1988-92) Ilija Najdoski
42%
MF (1972-82) Vladimir Petrović
42%
DF (1946-58) Branko Stanković
37%
GK (1955-60) Vladimir Beara
32%
Coach (1966-74) Miljan Miljanić
26%
No matching quizzes found
Score Distribution
Percent of People with Each Score
Percentile by Number Answered
Your Score History
You have not taken this quiz